Städte in Polen - Karten-Quiz - Statistiken

Allgemein
  • Dieses Quiz wurde 121 mal gespielt
  • Das Durchschnittsergebnis liegt bei 9 aus 18
Antworten auf der Karte
Die Antworten werden auf der Karte rot bzw. grün angezeigt, abhängig davon wie oft sie richtig erraten wurden.
 
Antwortstatistiken
Antwort % Korrekt
Warschau
91%
Danzig
90%
Stettin
80%
Krakau
68%
Breslau
62%
Lodz
58%
Posen
57%
Bialystok
55%
Kattowitz
53%
Lublin
51%
Opole
45%
Olsztyn
38%
Bydgoszcz
34%
Koszalin
33%
Zielona Gora
33%
Radom
24%
Rzeszow
24%
Kielce
18%
Keine übereinstimmenden Quizze gefunden
Verteilung der Resultate
Anzahl Personen mit jedem Resultat
Perzentil nach korrekt beantworteten Fragen
Ihre Resultats-Entwicklung
Sie haben dieses Quiz noch nicht gespielt